ՀՀ Գիտությունների ազգային ակադեմիայի հիմնարար գիտական գրադարան  =   Fundamental Scientific Library of NAS RA

Егише Чаренц : (Record no. 137344)

MARC details
000 -LEADER
fixed length control field 01118nam a2200265 u 4500
001 - CONTROL NUMBER
control field 000359057
003 - CONTROL NUMBER IDENTIFIER
control field AM-YeHGA
005 - DATE AND TIME OF LATEST TRANSACTION
control field 20250618072230.0
008 - FIXED-LENGTH DATA ELEMENTS--GENERAL INFORMATION
fixed length control field 040906s1978 ai r 000 0 rus d
040 ## - CATALOGING SOURCE
Original cataloging agency AM-YeHGA
041 0# - LANGUAGE CODE
Language code of text/sound track or separate title rus
090 ## - LOCALLY ASSIGNED LC-TYPE CALL NUMBER (OCLC); LOCAL CALL NUMBER (RLIN)
-- 138716
100 1# - MAIN ENTRY--PERSONAL NAME
Personal name Հովնան, Գուրգեն Ներսեսի,
Dates associated with a name 1910-2000
9 (RLIN) 1042
245 10 - TITLE STATEMENT
Title Егише Чаренц :
Remainder of title Международный резонанс творчества /
Statement of responsibility, etc. Г.Н. Овнан; Отв. ред. М.В. Саакян; О-во книголюбов Арм. ССР.
246 35 - VARYING FORM OF TITLE
Title proper/short title Եղիշե Չարենց
260 ## - PUBLICATION, DISTRIBUTION, ETC.
Place of publication, distribution, etc. Ереван :
Name of publisher, distributor, etc. Советакан грох,
Date of publication, distribution, etc. 1978.
300 ## - PHYSICAL DESCRIPTION
Extent 66 стр. :
Other physical details илл. ;
Dimensions 13 см.
440 #0 - SERIES STATEMENT/ADDED ENTRY--TITLE
Title Библиотека книголюба
650 14 - SUBJECT ADDED ENTRY--TOPICAL TERM
Topical term or geographic name entry element Литературоведение
Geographic subdivision Армения
650 14 - SUBJECT ADDED ENTRY--TOPICAL TERM
Topical term or geographic name entry element Армянская литература
600 14 - SUBJECT ADDED ENTRY--PERSONAL NAME
Personal name Չարենց, Եղիշե Աբգարի,
Dates associated with a name 1897-1937
9 (RLIN) 1327
650 14 - SUBJECT ADDED ENTRY--TOPICAL TERM
Topical term or geographic name entry element Литературоведение
700 1# - ADDED ENTRY--PERSONAL NAME
Personal name Саакян, М.В.
Relator term ред.
Relationship edt
710 2# - ADDED ENTRY--CORPORATE NAME
Corporate name or jurisdiction name as entry element Общество книголюбов АрмССР
Holdings
Withdrawn status Lost status Source of classification or shelving scheme Damaged status Not for loan Collection Home library Current library Date acquired Total checkouts Full call number Barcode Date last seen Price effective from Koha item type Public note Cost, replacement price
    Universal Decimal Classification     General Fundamental Scientific Library Fundamental Scientific Library 22/12/2016   PI/44086 110044086 22/12/2016 22/12/2016 Գրքեր / Books 30 Days Loan  
    Universal Decimal Classification     General Fundamental Scientific Library Fundamental Scientific Library 22/12/2016   PI/44191 110044191 22/12/2016 22/12/2016 Գրքեր / Books 30 Days Loan  
    Universal Decimal Classification     General Fundamental Scientific Library Fundamental Scientific Library 22/12/2016   PI/44192 110044192 22/12/2016 22/12/2016 Գրքեր / Books 30 Days Loan  
    Universal Decimal Classification     General Fundamental Scientific Library Fundamental Scientific Library 22/12/2016   AI/15542 FL0054963 22/12/2016 22/12/2016 Գրքեր / Books 30 Days Loan 30.00


ՀՀ ԳԱԱ հիմնարար գիտական գրադարան
ՀՀ,Երևան 0019
Մարշալ Բաղրամյան 24/6
հեռախոս:(374-10) 52-47-50
Հետադարձ կապ

All site content, except where otherwise noted, is licensed under a
Creative Commons License